|
|
|
|
| LEADER |
00000nam a22000007a 4500 |
| 005 |
20110906133333.0 |
| 008 |
110906t2011 mx ||||s|||| 00| 0 spa d |
| 020 |
|
|
|a 978-607-16-0598-6
|
| 035 |
|
|
|a 5651
|
| 040 |
|
|
|a vLex
|
| 090 |
|
|
|c 2394
|d 2394
|
| 100 |
1 |
|
|a Nava Negrete, Alfonso
|
| 245 |
1 |
0 |
|a Derecho administrativo mexicano
|h [Recurso electrn̤ico] /
|c Alfonso Nava Negrete
|
| 256 |
|
|
|a Servicio en ln̕ea.
|
| 260 |
|
|
|a [Mx̌ico] :
|b Fondo de Cultura Econm̤ica,
|c 2011.
|
| 300 |
|
|
|a 1 recurso electrn̤ico
|
| 500 |
|
|
|a El objetivo fundamental de este libro es aportar un instrumento de trabajo que sirva a los estudiantes de las escuelas y facultades de derecho, que sea t︢il a los empleados del gobierno, que facilite la actividad de los litigantes y que contribuya a aligerar la tarea de los jueces. Generalmente, la carencia de informacin̤ bs̀ica sobre conceptos, principios, leyes y prc̀ticas administrativos impide que haya una administracin̤ sana y dificulta las relaciones positivas entre šta y los ciudadanos; la obra pretende salvar estos escollos.
|
| 506 |
1 |
|
|a Contenido solo disponible en los productos indicados
|d vLex Global
|d vLex Global (Academic Edition, excluding Law Schools)
|d vLex Global (U.S. Academic Edition, Law Schools)
|d vLex Global (U.S. Academic Edition, excluding Law Schools)
|d vLex Global (Academic Edition, Law Schools)
|
| 650 |
0 |
4 |
|a Derecho administrativo
|z Mx̌ico
|
| 740 |
0 |
|
|a vLex Libros (Servicio en ln̕ea)
|
| 856 |
4 |
0 |
|u http://vlex.com/source/derecho-administrativo-mexicano-5651
|z Acceso restringido
|
| 942 |
|
|
|c BOOK
|